Konsep asas Geografi manusia
| Main Author: | |
|---|---|
| Format: | Book |
| Published: |
Bangi :
Penerbit UKM ,
1990
|
| Subjects: |
MARC
| LEADER | 00000cam a2200000 7i4500 | ||
|---|---|---|---|
| 001 | 0000004591 | ||
| 002 | 000004951 | ||
| 005 | 20131104.0 | ||
| 020 | |a 9679421449 | ||
| 090 | 0 | 0 | |a 910.1301 |b KAT |
| 100 | 0 | |a Katiman Rostam | |
| 245 | 1 | 0 | |a Konsep asas Geografi manusia |c Katiman Rostam |
| 260 | |a Bangi : |b Penerbit UKM , |c 1990 | ||
| 300 | |a 329p. ; |c 23cm. | ||
| 650 | 0 | 0 | |a Anthropo-geography |a Population geography |
| 999 | |a 034686 |b BUKU |c PINJAMAN |e PERPUSTAKAAN KOMUNITI PETALING JAYA | ||